Investíciu treba piecť tak dlho, ako káže recept

Enregistré dans:
Détails bibliographiques
Auteur principal: Škriniar, Pavel, 1979-
Format: Chapitre de livre
Langue:slovaque
Sujets:
Tags: Ajouter un tag
Pas de tags, Soyez le premier à ajouter un tag!

MARC

LEADER 00000naa a2200000 4500
001 0264327
005 20240502074206.5
041 0 |a slo 
044 |a SK 
245 1 0 |a Investíciu treba piecť tak dlho, ako káže recept  |c Pavel Škriniar 
610 2 0 |a investície 
610 2 0 |a investovanie 
610 2 0 |a výnosy 
100 1 |a Škriniar, Pavel, 1979-